000 004110000a22001690004500
041 0 _aSPA
082 0 4 _aG 253.4 N372q
100 1 _aNee, Watchman
245 1 0 _aQué haré Señor? / T. S. Nee
260 _aMisiones, Argentina : Hebron
300 _a247 Pag
001 9068
942 _cBK
999 _c39150
_d39150
336 _atexto
_btxt
_2rdacontent
337 _2rdamedia
_asin mediación
_bn
338 _2rdacarrier
_avolumen
_bnc